UBT Library

Fundamentals of cost accounting / (Record no. 43155)

000 -LEADER
fixed length control field 00831cam a2200253 a 4500
001 - CONTROL NUMBER
control field 15957467
005 - DATE AND TIME OF LATEST TRANSACTION
control field 20180222044412.0
008 - FIXED-LENGTH DATA ELEMENTS--GENERAL INFORMATION
fixed length control field 091023s2011 nyua b 001 0 eng
010 ## - LIBRARY OF CONGRESS CONTROL NUMBER
LC control number 2009044025
020 ## - INTERNATIONAL STANDARD BOOK NUMBER
International Standard Book Number 9780073527116 (alk. paper)
020 ## - INTERNATIONAL STANDARD BOOK NUMBER
International Standard Book Number 0073527114 (alk. paper)
035 ## - SYSTEM CONTROL NUMBER
System control number (OCoLC)ocn436027982
040 ## - CATALOGING SOURCE
Original cataloging agency DLC
Transcribing agency DLC
Modifying agency YDX
-- BTCTA
-- YDXCP
-- DLC
041 ## - LANGUAGE CODE
Language code of text/sound track or separate title eng
080 ## - UNIVERSAL DECIMAL CLASSIFICATION NUMBER
Universal Decimal Classification number 657.42
082 00 - DEWEY DECIMAL CLASSIFICATION NUMBER
Classification number 657.42 LAN
Edition number 22
100 1# - Rafti
Rafti 61
101 ## - Shkurtesa
Shkurtesa KON
245 10 - TITLE STATEMENT
Title Fundamentals of cost accounting /
Statement of responsibility, etc William N. Lanen, Shannon W. Anderson, Michael W. Maher.
504 ## - BIBLIOGRAPHY, ETC. NOTE
Bibliography, etc Includes bibliographical references and index.
906 ## - LOCAL DATA ELEMENT F, LDF (RLIN)
a 7
b cbc
c orignew
d 1
e ecip
f 20
g y-gencatlg
942 ## - ADDED ENTRY ELEMENTS (KOHA)
Source of classification or shelving scheme
Item type Books
Holdings
Withdrawn status Lost status Source of classification or shelving scheme Damaged status Not for loan Collection code Permanent location Current location Shelving location Date acquired Total Checkouts Full call number Barcode Date last seen Price effective from Koha item type
          Koleksioni i përgjithshem UBT - Lipjan UBT - Lipjan Koleksioni i lëndeve mesimore 02/22/2018   657.42 LAN 002-2999749 02/22/2018 02/22/2018 Books
UBT Library © 2015-2024. All rights reserved University Education for Business and Technology